000 00587nam a2200181 a 4500
005 20210219150409.0
008 991125c1990 mx 000 0 spa u
020 _a9688055441
035 _aUPN01000013468
049 _aCG
050 4 _aKGC303
_bN83 no.8
245 0 0 _aDe las garantías individuales artículos 9o. al 13.
260 _aMéxico :
_bINEHRM,
_c1990.
300 _a101 p. :
_bfots.
440 0 _aNuestra Constitución : historia de la libertad y soberaníadel pueblo mexicano.
_pCuaderno ;
_v8
651 4 _aMEXICO -
_xDERECHO CONSTITUCIONAL -
_xCOMPENDIOS
905 _aLibro
999 _c13468
_d13468